000 00666nam a2200217 a 4500
999 _c2660
_d2660
001 2660
003 BD-JhCC
005 20180304094833.0
008 171105s1971 bg |||| ||a| 000 0 ben d
035 _a(BD-JhCC)2660
040 _aBD-JhCC
_dBD-JhCC
041 _aben
082 _a813.5082
_bTOM 1971
245 _aটমাস মানের সেরা গল্প /
_cমুজাফর আহমদ সম্পদনা
260 _aঢাকা :
_bবাংলা একাডেমী,
_c১৯৭১.
300 _a315 p. :
_c21 cm.
650 _aSelective Stories
700 _aআহমদ, মুজাফর
942 _2ddc
_cBK